| 000 | 00767nam a22002057a 4500 | ||
|---|---|---|---|
| 999 |
_c20061 _d20061 |
||
| 003 | AR-CdUCM | ||
| 008 | 190518b ||||| |||| 00| 0 spa d | ||
| 040 |
_aMUNICIPALIDAD PROVINCIAL DEL CUSCO _cBIBLIOTECA MUNICIPAL DEL CUSCO |
||
| 082 |
_a373.6 / _bS21 |
||
| 100 |
_aSánchez, Benjamín _941101 |
||
| 245 |
_aLenguaje oral : _bdiagnóstico, enseñanza y recuperación / |
||
| 260 |
_aBuenos Aires : _bKapelusz, _c1971. |
||
| 300 |
_a79 páginas ; _c23 cm. |
||
| 440 |
_aColección de pedagogía practica _98943 |
||
| 505 | _aContenido: Diagnostico del lenguaje oral -- Enseñanza del lenguaje oral -- La conversación... | ||
| 650 |
_aLenguaje y educación _941102 |
||
| 650 |
_aTrastornos del habla _913295 |
||
| 942 |
_2ddc _cLIBROS |
||
| 945 |
_adavv _d2019-05-25 |
||